One Piece- Les familles descendantes des Vingt Rois fondateurs connues - Statistiques

Statistiques générales
  • Ce quiz a été pris 74 fois
  • Le résultat moyen est 4 sur 10
Statistiques - réponses
Familles royales descendantes des Vingt Rois connues % Correct
Nefertari
94%
Don Quichotte
63%
Figarland
50%
Nerona
43%
Ethanbaron
26%
Jaygarcia
26%
Topman
24%
Manmeyer
22%
Marcus
22%
Sheperd
22%
Aucun quiz correspondant
Distribution des résultats
% des personnes avec chaque résultat
Percentile par nombre de réponses
Votre historique - résultats
Vous n’avez pas pris ce quiz